MARC

LEADER 00000nam0a2200000 4500
001 23498
005 20231030195700.0
035 |a (RuTPU)RU\TPU\book\23717 
035 |a BOOK00023790 
090 |a 23498 
100 |a 20011209d1980 m y0rusy50 ca 
101 0 |a hin  |a rus 
102 |a RU 
105 |a a j 000zy 
200 1 |a Учебник языка хинди  |h Часть 1  |f З. М. Дымшиц, О. Г. Ульциферов, В. И. Горюнов 
205 |a 2-е изд., испр. 
210 |a Москва  |c Наука  |d 1980 
215 |a 719 с.  |c ил. 
610 1 |a индийские языки 
610 1 |a хинди 
610 1 |a грамматика 
610 1 |a лексика 
610 1 |a учебные пособия 
686 |a Ш153.311  |v LBC/SL-A  |2 rubbk 
700 1 |a Дымшиц  |b З. М.  |g Залман Мовшевич 
701 1 |a Ульциферов  |b О. Г.  |g Олег Георгиевич 
701 1 |a Горюнов  |b В. И.  |g Владимир Иванович 
801 0 |a RU  |b 63413507  |c 20011209  |g PSBO 
801 2 |a RU  |b 63413507  |c 20131204  |g PSBO 
942 |c BK